Responses for Show #2758 - Wednesday, September 4, 1996

Bernie Cullen game 3.

Contestants

[<< previous game]

Irene Dennis, a freelance copy editor from Medford, Massachusetts

Dave Streit, a TV director and producer from Indianapolis, Indiana

Bernie Cullen, a biology graduate student originally from Dublin, Ireland (whose 2-day cash winnings total $30,599)

[next game >>]

Jeopardy! Round responses

1984
COLLEGES & UNIVERSITIES
POP MUSIC
AUTHORS' RHYME TIME
THE NEW TESTAMENT
VIRGIN TERRITORY
    $100 1
the St. Lawrence Seaway

Bernie
    $100 13
the Tuskegee Institute

Bernie
    $100 9
Paul Simon

Irene
    $100 10
Poe's woes

Bernie
    $100 4
Lazarus

Bernie
    $100 26
Madonna

Dave
    $200 2
Cuba

Bernie
    $200 14
Baton Rouge

Irene
    $200 22
a "Brick In The Wall"

Bernie
    $200 15
Gore's wars

Dave
    $200 5
Satan

Dave
    $200 27
wool

Dave
    $300 3
(Joseph) Stalin

Dave
    $300 19
Brigham Young

Bernie
    $300 23
the Red Hot Chili Peppers

Bernie
    $300 16
Twain's pains

Triple Stumper
    $300 6
Nazareth

Dave
    $300 28
Virginia

Dave
    $400 11
Tip O'Neill

Bernie
    $400 20
Harvard

Irene
    $400 24
Rumours

Dave
    $400 17
(Bernie: [Shakes his head] Nothing.)

Alice's palaces

BernieDave
    $400 7
John (or James)

Bernie
    $400 29
a harpsichord

Irene
    $500 12
nearsightedness

Bernie
    $500 21
(Dave: What is St. Petersburg?)

Sarasota

Dave
Triple Stumper
    $500 25
"Unchained Melody"

Dave
    $500 18
Shelley's jellies

Bernie
    $500 8
(Bernie: Who is Herod?)

Judas

BernieDave
    $800 30
(Irene: What is England?)

Denmark

Irene

Scores at the first commercial break (after clue 15):

Bernie Dave Irene
$1,400 $1,500 $300

Scores at the end of the Jeopardy! Round:

Bernie Dave Irene
$2,300 $2,900 $300

Double Jeopardy! Round responses

1984
19th CENTURY AMERICA
WORLD CITIES
THE MOVIES
THE BODY HUMAN
THE FAMILY JULES
    $200 26
Big Brother

Dave
    $200 2
Burr & Hamilton

Bernie
    $200 10
Frankfurt

Bernie
    $200 1
Brad Pitt

Bernie
    $200 21
(Bernie: What is tartar?)

plaque

BernieIrene
    $200 16
Paris

Bernie
    $400 30
George Orwell

Bernie
    $400 3
Tennessee

Bernie
    $400 11
Mecca

Dave
    $400 7
Woody Allen

Dave
    $400 22
melanin

Bernie
    $400 17
a Cardinal

Triple Stumper
    $600 27
rats

Bernie
    $600 4
the Erie Canal

Bernie
    $600 13
(Bernie: What is Monaco?)

Nice

Bernie
Triple Stumper
    $1,500 8
(Dave: What is the Congressional Medal of Honor?)

Courage Under Fire

Dave
    $600 23
the lungs

Bernie
    $600 18
Jules Verne

Bernie
    $800 28
the Ministry of Truth

Bernie
    $800 5
Garfield

Irene
    $800 14
Manila

Bernie
    $800 9
The Shawshank Redemption

Bernie
    $3,000 24
(Bernie: What is the shoulder?)

the elbow

Bernie
    $800 19
Napoleon III

Triple Stumper
    $1000 29
Newspeak

Triple Stumper
    $1000 6
the Embargo Act

Triple Stumper
    $1000 15
Paisley

Bernie
    $1000 12
(Robert) Altman

Bernie
    $1000 25
a valve

Bernie
    $1000 20
Manon Lescaut

Irene

Scores at the end of the Double Jeopardy! Round:

Bernie Dave Irene
$8,300 $2,400 $2,300
(lock game)

[wagering suggestions for these scores]

Final Jeopardy! Round responses

BUSINESS & INDUSTRY
IreneWhat is General Electric?
$700
DaveWhat is RCA?
$2,300
BernieWhat is Bell General Electric?
$3,400
Bell Labs

Final scores:

Bernie Dave Irene
$4,900 $100 $1,600
3-day champion: $35,499 + the Jeopardy! electronic game from Tiger Electronics 3rd place: a pair of Sigma binoculars + the Jeopardy! electronic game from Tiger Electronics 2nd place: a 4-night trip to Cancun, Mexico + the Jeopardy! electronic game from Tiger Electronics

Game dynamics:

Coryat scores:

Bernie Dave Irene
$11,300 $3,900 $3,100
29 R,
5 W
(including 1 DD)
14 R,
2 W
(including 1 DD)
7 R,
1 W
(including 1 DD)

Combined Coryat: $18,300

[game clues] [game scores] [suggest correction]

Game tape date: 1996-08-06
The J! Archive is created by fans, for fans. Scraping, republication, monetization, and malicious use prohibited; this site may use cookies and collect identifying information. See terms. The Jeopardy! game show and all elements thereof, including but not limited to copyright and trademark thereto, are the property of Jeopardy Productions, Inc. and are protected under law. This website is not affiliated with, sponsored by, or operated by Jeopardy Productions, Inc. Join the discussion at JBoard.tv.